عرض عادي
عرض مارك
- Underground construction
مدخل مصطلح موضوعي
001 - رقم الضبط
- حقل الضبط: 12070
003 - معرف رقم الضبط
- حقل الضبط: OSt
005 - تاريخ ووقت أخر عملية
- حقل الضبط: 20120427212901.0
008 - عناصر بيانات ثابتة الطول
- حقل تحكم ثابت الطول: 120427|||a|||||| | ||| d
040 ## - مصدر الفهرسة
- هيئة الفهرسة الأصلية: OSt
- وكالة الكتابة: OSt
150 ## - مدخل-- مصطلح تاريخي
- عنصر مدخل المصطلح الموضوعي او الاسم الجغرافي: Underground construction
- تفريع شكلي: Congresses.
670 ## - بيانات المصدر موجوده
- الاستشهاد بالمصدر: Work cat.: (OSt)0: International Conference on Underground Spaces--Design, Engineering and Environmental Aspects (1st : 2008 : Wessex Institute of Technology) 12068, Underground spaces :, c2008.
